Principles of Soil Mechanics and Foundation Engineering / (Record no. 808)

MARC details
000 -LEADER
fixed length control field 00578nac a22001811u 4500
008 - FIXED-LENGTH DATA ELEMENTS--GENERAL INFORMATION
fixed length control field 100907t2003 xxu|||||r|||| 001 0 eng d
020 ## - INTERNATIONAL STANDARD BOOK NUMBER
International Standard Book Number 8174763228
020 ## - INTERNATIONAL STANDARD BOOK NUMBER
International Standard Book Number 8174763228
082 00 - DEWEY DECIMAL CLASSIFICATION NUMBER
Classification number 624.15
Item number MUR
100 ## - MAIN ENTRY--PERSONAL NAME
Personal name Murthy, V. N. S.
9 (RLIN) 18628
245 10 - TITLE STATEMENT
Title Principles of Soil Mechanics and Foundation Engineering /
Statement of responsibility, etc V. N. S. Murthy.
250 ## - EDITION STATEMENT
Edition statement 5th ed.
Remainder of edition statement rev.
260 ## - PUBLICATION, DISTRIBUTION, ETC. (IMPRINT)
Place of publication, distribution, etc New Delhi :
Name of publisher, distributor, etc Sangam Books,
Date of publication, distribution, etc 2003.
300 ## - PHYSICAL DESCRIPTION
Extent 842 p. :
Other physical details ill. ;
Dimensions 24 cm.
504 ## - BIBLIOGRAPHY, ETC. NOTE
Bibliography, etc Includes bibliographies and index.
650 #0 - SUBJECT ADDED ENTRY--TOPICAL TERM
Topical term or geographic name as entry element Soil mechanics.
9 (RLIN) 18629
942 ## - ADDED ENTRY ELEMENTS (KOHA)
Item type Book - Borrowing
Call number prefix 624.15MUR
Source of classification or shelving scheme Dewey Decimal Classification
Holdings
Withdrawn status Item status Source of classification or shelving scheme Damaged status Not for loan Vendor Home library Current library Shelving location Date acquired Source of acquisition Cost, normal purchase price Total Checkouts Full call number Barcode Date last seen Date last borrowed Cost, replacement price Koha item type
    Dewey Decimal Classification       Central Library Central Library First floor 07/09/2010   80.00 1 624.15 MUR 000003749 15/07/2025 04/03/2018 100.00 Book - Borrowing